Atkins' molecules

In this new edition of the book that was called "the most beautiful chemistry book ever written," Peter Atkins reveals the molecules responsible for the experiences of our everyday life in fabrics, drugs, plastics, explosives, detergents, fragrances, tastes, and sex. Atkins gives a non-tec...

全面介紹

Đã lưu trong:
書目詳細資料
主要作者: Atkins, Peter
格式: 圖書
語言:Undetermined
出版: Cambridge, U.K. Cambridge University Press 2003
主題:
標簽: 添加標簽
沒有標簽, 成為第一個標記此記錄!
Thư viện lưu trữ: Trung tâm Học liệu Trường Đại học Cần Thơ
LEADER 01383nam a2200205Ia 4500
001 CTU_124120
008 210402s9999 xx 000 0 und d
020 |c 534000 
082 |a 547.122 
082 |b A874 
100 |a Atkins, Peter 
245 0 |a Atkins' molecules 
245 0 |c Peter Atkins 
260 |a Cambridge, U.K. 
260 |b Cambridge University Press 
260 |c 2003 
520 |a In this new edition of the book that was called "the most beautiful chemistry book ever written," Peter Atkins reveals the molecules responsible for the experiences of our everyday life in fabrics, drugs, plastics, explosives, detergents, fragrances, tastes, and sex. Atkins gives a non-technical account of a range of aspects of the world around us, revealing unexpected connections and insight into how it can be understood in terms of the atoms and molecules from which it is built. This new edition has dozens of new molecules, new graphic presentations, and a more accessible account of the molecules themselves. Peter Atkins is SmithKline Beecham Fellow and Tutor in Physical Chemistry at Oxford University. Atkins' research includes the fields of theoretical chemistry, particularly magnetic resonance and the electromagnetic properties of molecules. 
650 |a Molecular structure,Molecules 
904 |i Minh 
980 |a Trung tâm Học liệu Trường Đại học Cần Thơ